| 000 | 00910nam a22003133i 4500 | ||
|---|---|---|---|
| 001 | 15323478 | ||
| 003 | OSt | ||
| 005 | 20180116183008.0 | ||
| 008 | 810122s1980 nyu 000 1 eng d | ||
| 010 | _a 2008571961 | ||
| 020 |
_a0890836892 : _c$2.75 |
||
| 020 | _a9780890836897 | ||
| 035 | _a(OCoLC)ocm07077753 | ||
| 035 | _a(OCoLC)7077753 | ||
| 040 |
_aVHB _cVHB _dDLC |
||
| 042 | _alccopycat | ||
| 050 | 0 | 0 | _aCPB Box no. 2652 vol. 7 |
| 082 | _a813.54 PAT 1980 | ||
| 100 | 1 | _aPatton, Cliff. | |
| 245 | 1 | 0 |
_aOmni strain / _cby Cliff Patton. |
| 260 |
_aNew York : _bKensington Pub. Co., _c1980. |
||
| 300 |
_a377, [7] p. ; _c18 cm. |
||
| 490 | 0 | _aZebra books | |
| 655 | 7 |
_aScience fiction. _2gsafd |
|
| 710 | 2 |
_aCopyright Paperback Collection (Library of Congress) _5DLC |
|
| 906 |
_a7 _bcbc _ccopycat _d2 _encip _f20 _gy-genrareb |
||
| 942 |
_2ddc _cBK |
||
| 999 |
_c350165 _d350165 |
||